000 00733nam a2200193 i 4500
001 124866
003 ES-MaACL
005 20230906192519.0
007 t|
008 070423s1934 sp ||||1| spa d
110 2 _aCaja Nacional contra el Paro Forzoso.
_92337
245 1 0 _aMemoria /
_cCaja Nacional contra el Paro forzoso.
260 _aMadrid :
_b[s.n.],
_c1934 (
_fImprenta y Encuadernación de los Sobrinos de la Sucesora de M. Minuesa de los Ríos)
300 _a86 p., map. pleg., 75-86 p. pleg. ;
_c20 cm.
490 1 _aPublicaciones del Instituto Nacional de Previsión ;
_v412
830 0 _aPublicaciones del Instituto Nacional de Previsión ;
_v412
_9181151
852 _aES-MaACL
_jC-12655(8)
999 _c124866
_d124866